Manual de finanzas públicas (Registro nro. 928)

Detalles MARC
000 -LEADER
fixed length control field 01424 a2200217 4500
001 - CONTROL NUMBER
control field 22208
005 - DATE AND TIME OF LATEST TRANSACTION
control field 20260407155511.0
008 - FIXED-LENGTH DATA ELEMENTS--GENERAL INFORMATION
fixed length control field 260407a2000 arg spa d
003 - CONTROL NUMBER IDENTIFIER
control field AR-UNSa-BCEJYS
040 ## - CATALOGING SOURCE
Original cataloging agency AR-UNSa-BCEJYS
Language of cataloging spa
Transcribing agency AR-UNSa-BCEJYS
080 ## - UNIVERSAL DECIMAL CLASSIFICATION NUMBER
Universal Decimal Classification number 336.13
Common auxiliary subdivision Finanzas del sector público
020 ## - INTERNATIONAL STANDARD BOOK NUMBER
International Standard Book Number 950-14-1781-6
100 1# - MAIN ENTRY--PERSONAL NAME
Personal name Villegas, Héctor Belisario
245 10 - TITLE STATEMENT
Title Manual de finanzas públicas
Name of part/section of a work la economía jurídicamente regulada del sector público en el mundo globalizado
264 #1 - PRODUCTION, PUBLICATION, DISTRIBUTION, MANUFACTURE, AND COPYRIGHT NOTICE
Place of production, publication, distribution, manufacture Buenos Aires :
Name of producer, publisher, distributor, manufacturer Ediciones Depalma
Date of production, publication, distribution, manufacture, or copyright notice 2000
300 ## - PHYSICAL DESCRIPTION
Extent xxv, 446 p.
Dimensions 22 cm.
505 ## - FORMATTED CONTENTS NOTE
Formatted contents note 1. La actividad financiera - 2. Desarrollo histórico del pensamiento financiero y su realidad circundante - 3. Las finanzas públicas y la globalización - 4. Ciencia de las finanzas públicas - 5. El derecho de la hacienda pública - 6. Los gastos públicos - 7. Recursos Públicos - 8. Los ingresos tributarios en general - 9. Los ingresos tributarios en particular - 10. Los ingresos tributarios en particular (II parte)- 11. Sistemas tributarios - 12. El crédito público - 13. Los empréstitos públicos - 14. Teoría general del presupuesto - 15. El proceso vital del presupuesto( su preparación, sanción, ejecución y control)
590 ## - LOCAL NOTE (RLIN)
Local note niveau_biblio:m niveau_hierar:0
856 41 - ELECTRONIC LOCATION AND ACCESS
Uniform Resource Identifier <a href="https://biblioeco.unsa.edu.ar/pmb/images/libros/Manual de Finanzas P?blicas.jpg">https://biblioeco.unsa.edu.ar/pmb/images/libros/Manual de Finanzas P?blicas.jpg</a>
Link text Imagen de portada
Electronic format type image/jpeg
942 ## - ADDED ENTRY ELEMENTS (KOHA)
Koha item type
Existencias
Withdrawn status Lost status Damaged status Not for loan Home library Current library Shelving location Date acquired Total checkouts Full call number Barcode Date last seen Price effective from Koha item type
        Biblioteca Prof. Eusebio Cleto del Rey Biblioteca Prof. Eusebio Cleto del Rey   07/04/2026   336.13 V728 L86664 07/04/2026 07/04/2026 Libro
        Biblioteca Prof. Eusebio Cleto del Rey Biblioteca Prof. Eusebio Cleto del Rey   07/04/2026   336.13 V728 L86666 07/04/2026 07/04/2026 Libro
        Biblioteca Prof. Eusebio Cleto del Rey Biblioteca Prof. Eusebio Cleto del Rey   07/04/2026   336.13 V728 L86665 07/04/2026 07/04/2026 Libro